000 00635nam a2200253 a 4500
001 nice12345678
003 IN_TiNIC
005 20260116013037.0
008 050524s1994 lona grp 000 0 eng
020 _a0009430
_c328.5
082 0 0 _a262.13092
_bWAL
100 _aWalsh, Michael
245 _aJohn Paul II
_b Biography
260 _aLondon
_bCollins Religious Pub.
_c1994
300 _a310p
500 _aincludes index and biblioraphy
505 2 _aIndex
650 _aPope John Paul II
650 _aJohn Paul II -Biography
700 1 _aWalsh, Michael
902 _bSRS
942 _cBK
999 _c9406
_d9406